000 00278nam a2200121Ia 4500
005 20251222143244.0
008 251222s9999||||xx |||||||||||||| ||spa||
082 _a230/M86
100 _aMorales, José
245 0 _aIntroduccióna la Teología
264 _bEUNSA
942 _cLIB
999 _c14682
_d14682